000 00572nam a2200205Ia 4500
005 20250508152528.0
008 008 250505s9999 xx 000 0 eng d
037 _aTextual
040 _aFEDL
_beng
_cFEDL
041 _aeng
_2eng
084 _a911.3, KLI
_qFEDL
100 _aKlimm Lester E
_995403
245 0 _aInteroducatiory economic geography
250 _a2nd
260 _aNew York, USA
_bHarcourt, Brace and Company
_c1940
300 _a501p.
700 _a Starkey Otis P
_9761706
942 _cTEXL
_h911.3, KLI
999 _c1337024
_d1337024